00266nam a2200109Ia 4500008004100000082001600041100001500057245002700072260003100099300000800130650001800138191201s2019 xx 000 0 und d a615.103 GUD aGUPTA, L.C 0aDictionary of Pharmacy bAITBS PubaNew Delhic2019 a334 aMiscellaneous